000 00218 a2200097 4500
001 13950
100 _aWard A C
245 _aTwentieth Century Prose 1940-1960
260 _aLondon
_bLongmans
_c
090 _c10917
_d10917
942 _aNUST-CAE
_cM
_c1022
999 _c249023
_d249023